00209nam a2200097Ia 4500008004100000100002100041245001800062260000900080942000700089999001500096190216s9999||||xx |||||||||||||| ||und|| aBhaskaran Pillai 0aResathanthram bNull cBK c2009d2009